000
00299nam a2200109Ia 4500
008
230907s9999||||xx |||||||||||||| ||und||
082
_a
6.3
_b
SIN
245
2
_a
A classical approach to artificial intelligence /
260
_a
Random Publications,
_b
New Delhi :
_c
2018
300
_a
277 p.
942
_c
BK
999
_c
601272
_d
601272